Waffen-SS ranks - Statistics

General Stats
  • This quiz has been taken 67 times
  • The average score is 13 of 17
Answer Stats
Hint Answer % Correct
OF-7 (Major General) SS-Gruppenführer
83%
OF-8 (Lieutenant General) SS-Obergruppenführer
83%
OF-6 (Brigadier General) SS-Brigadeführer
80%
OR-7 (Sergeant 1st class) SS-Hauptscharführer
80%
OF-2 (Captain) SS-Hauptsturmführer
80%
OR-6 (Staff Sergeant) SS-Oberscharführer
80%
OF-9 (General) SS-Oberstgruppenführer
80%
OF-4 (Lieutenant Colonel) SS-Obersturmbannführer
80%
OF-3 (Major) SS-Sturmbannführer
80%
OR-5 (Sergeant) SS-Unterscharführer/SS-Scharführer
80%
OF-5 (Colonel) SS-Standartenführer/SS-Oberführer
77%
OR-8 (Master Sergeant) SS-Sturmscharführer
77%
OF-1b (2nd Lieutenant) SS-Untersturmführer
77%
OR-1 (Private) SS-Schütze/SS-Oberschütze
73%
OF-1a (1st Lieutenant) SS-Obersturmführer
70%
OR-3 (Private 1st class) SS-Rottenführer
70%
OR-2 (Private) SS-Sturmmann
53%
No matching quizzes found
Score Distribution
Percent of People with Each Score
Percentile by Number Answered
Your Score History
You have not taken this quiz